000 00737nam a2200205Ii 4500
003 JO-AjNU
008 230605s9999||||xx |||||||||||||| ||und||
040 _aJO-AjNU
_bara
_erda
_cJO-AjNU
041 _aara
050 1 4 _aPJ7052.S3522 1983
100 3 _aالسامرائي، إبراهيم,
_eauthor
_934821
245 0 0 _aمع المصادر في اللغة والأدب " نقد لمراجع اللغة والأدب "، الجزء الثاني
250 _aط2
264 3 1 _aعمان: دار الفكر،1983
300 _aج2، 346ص
336 _atext
_btxt
_2rdacontent
337 _aunmediated
_bn
_2rdamedia
338 _avolume
_bnc
_2rdacarrier
650 4 _aاللغة والأدب - مراجع - تحليل ونقد
_934822
999 _aA14315
_c17883
_d17883